Základy automatizace zpracování dat a vytváření automatizovaných systémů řízení

Salvato in:
Dettagli Bibliografici
Autori principali: Adamec, Stanislav, 1970- (Autore), Ehleman, Jan (Autore)
Natura: Libro
Lingua:ceco
Pubblicazione: Bratislava : SNTL, 1981
Tags: Aggiungi Tag
Nessun Tag, puoi essere il primo ad aggiungerne!!

MARC

LEADER 00000nam a22000003a 4500
001 stu33396
005 20150617225732.8
008 981006s1981------------------------cze-d
040 |a STU  |b slo 
041 0 |a cze 
080 |a 658.5.011.56 
080 |a 681.32 
080 |a 519.8  |7 A000000398 
100 1 |a Adamec, Stanislav,  |d 1970-  |4 aut  |u M340  |U MTF Ústav inžinierskej pedagogiky a humatitných vied  |T MTF Katedra telesnej výchovy a športu  |X 1515  |U M340  |Y M340  |7 A000001515 
245 1 |a Základy automatizace zpracování dat a vytváření automatizovaných systémů řízení 
260 |a Bratislava :  |b SNTL,  |c 1981 
300 |a 277 s 
700 1 |a Ehleman, Jan  |4 aut 
996 |b 284EK05113  |c E*47957  |l EE01  |s A  |a 24  |w stu33396_0001